000 00741nam a2200217 a 4500
999 _c4682
_d4682
001 4682
003 BD-JhCC
005 20171129191254.0
008 171129s uk |||| |||| 000 0 eng d
035 _a(BD-JhCC)4682
040 _aBD-JhCC
_dBD-JhCC
041 _aeng
082 _a918
_bSTE 1962
100 _aStembridge, Jasper H.
245 _aThe Oxford Geographical Note-Books for Secondary Schools /
_cJasper H. Stembridge
260 _aLondon:
_bOxford University Press
300 _a28 p.;
_c28 cm
505 _aNo. III, South America; No. V, Australia, New Zealand and the Pacific; No. VI, Asia; No. VII, Europe; No. VIII, World; No. IX, British Commonwealth Overseas.
650 _aGeography
_xNote Books
942 _2ddc
_cBK